[Event "VI Torneo del Litorale A"]
[Site "Roma ITA"]
[Date "1998.02.21"]
[Round "5"]
[White "Maddaloni, Giovanni"]
[Black "Martelli, Andrea"]
[Result "0-1"]
[WhiteElo "1586"]
[BlackElo "1770"]
[PlyCount "46"]
[EventDate "1998.02.13"]

1.e4 e6 2.d4 d5 3.Nc3 Bb4 4.e5 c5 5.a3 Ba5 6.Qg4 Ne7 7.Kd1 cxd4 8.Nb5 Bc7 
9.Nxc7+ Qxc7 10.Nf3 O-O 11.Bf4 Nbc6 12.Bd3 Ng6 13.Qh5 f6 14.g3 Qf7 15.Re1 
Bd7 16.Kd2 Be8 17.Re2 h6 18.exf6 Qxf6 19.Bxg6 Bxg6 20.Qh4 Qf5 21.Ke1 Bh5 
22.Re5 Nxe5 23.Nxe5 Qe4+ 0-1

[Event "VI Torneo del Litorale A"]
[Site "Roma ITA"]
[Date "1998.02.21"]
[Round "5"]
[White "Occhipinti, Massimo"]
[Black "Petricevic, Pavo"]
[Result "1-0"]
[WhiteElo "1704"]
[BlackElo "1582"]
[PlyCount "47"]
[EventDate "1998.02.13"]

1.e4 e5 2.Nf3 Nc6 3.d4 exd4 4.c3 dxc3 5.Nxc3 Bc5 6.Bc4 Nge7 7.Ng5 Ne5 8.
Bb3 O-O 9.O-O d6 10.Kh1 h6 11.f4 Ng4 12.Nh3 Ng6 13.f5 N6e5 14.Bf4 c6 15.
Bxe5 Ne3 16.Qh5 Nxf1 17.Bxg7 Kxg7 18.Rxf1 Bd4 19.e5 Bxe5 20.Ne4 Bf6 21.Rf4
d5 22.Rg4+ Kh7 23.Nhg5+ Bxg5 24.Nxg5+ 1-0

[Event "VI Torneo del Litorale A"]
[Site "Roma ITA"]
[Date "1998.02.21"]
[Round "5"]
[White "Pagliarini, Altivio"]
[Black "Marinelli, Franco"]
[Result "0-1"]
[WhiteElo "1489"]
[BlackElo "1453"]
[PlyCount "130"]
[EventDate "1998.02.13"]

1.d4 d5 2.c4 c6 3.Nc3 Bf5 4.cxd5 cxd5 5.Nf3 h6 6.e3 Nc6 7.Bb5 a6 8.Ba4 b5 
9.Bc2 Bxc2 10.Qxc2 Rc8 11.Qe2 e6 12.O-O Nf6 13.a3 Be7 14.Rd1 O-O 15.Nd2 
Qb6 16.f4 Nh7 17.Nf3 f5 18.Bd2 g5 19.Ne5 Nxe5 20.fxe5 g4 21.Be1 Qd8 22.Bg3
h5 23.Bf4 Bg5 24.Rac1 Rf7 25.Na2 Rfc7 26.Qd2 Bxf4 27.exf4 Nf8 28.Rxc7 Rxc7
29.Rc1 Nd7 30.Rxc7 Qxc7 31.Qc3 Qc4 32.Kf2 Qxa2 33.h3 Qc4 34.Qd2 Qb3 35.
hxg4 hxg4 36.g3 Nb6 37.Qa5 Qxb2+ 38.Kg1 Qc1+ 39.Kf2 Qc6 40.Qxa6 Qc2+ 41.
Kf1 Qd1+ 42.Kg2 Qe2+ 43.Kh1 Qd1+ 44.Kh2 Qc2+ 45.Kg1 Qc6 46.Qa7 Nd7 47.Qa5 
Qb6 48.Qb4 Kf7 49.Kf2 Nb8 50.a4 Na6 51.Qxb5 Qxd4+ 52.Ke1 Qc3+ 53.Kf2 Qc5+ 
54.Ke2 Qc4+ 55.Kd2 Qxb5 56.axb5 Nb8 57.Kc3 Ke7 58.Kb4 Kd7 59.Ka5 Kc7 60.
Ka4 Kb6 61.Kb4 Nd7 62.Ka4 Nc5+ 63.Kb4 Nd3+ 64.Kc3 Ne1 65.Kb4 Ng2 0-1

[Event "VI Torneo del Litorale A"]
[Site "Roma ITA"]
[Date "1998.02.21"]
[Round "5"]
[White "Pezzaldi, Roberto"]
[Black "Scacco, Mauro"]
[Result "1-0"]
[WhiteElo "2095"]
[BlackElo "2050"]
[PlyCount "78"]
[EventDate "1998.02.13"]

1.c4 Nf6 2.Nf3 g6 3.g3 Bg7 4.Bg2 d6 5.Nc3 O-O 6.O-O Nc6 7.d3 e5 8.Bd2 Nh5 
9.Rb1 f5 10.b4 f4 11.Qb3 Kh8 12.c5 Bg4 13.cxd6 cxd6 14.b5 Bxf3 15.exf3 Nd4
16.Qd5 Qb6 17.Ne4 fxg3 18.hxg3 Nxf3+ 19.Bxf3 Rxf3 20.Kg2 Raf8 21.Be3 Qd8 
22.Bxa7 Qd7 23.Be3 Qg4 24.Rbe1 R3f5 25.Nxd6 Nf6 26.Qxb7 Rh5 27.Rh1 Rxh1 
28.Rxh1 Nh5 29.Qd5 h6 30.b6 Nxg3 31.Rxh6+ Bxh6 32.Qxe5+ Bg7 33.Qxg3 Qd7 
34.Qh3+ Qxh3+ 35.Kxh3 Be5 36.Nc4 Bb8 37.a4 Rd8 38.a5 Rxd3 39.a6 Rd8 1-0

[Event "VI Torneo del Litorale A"]
[Site "Roma ITA"]
[Date "1998.02.21"]
[Round "5"]
[White "Quimi, Marco"]
[Black "Pagano, Sergio M."]
[Result "1-0"]
[WhiteElo "2225"]
[BlackElo "2200"]
[PlyCount "87"]
[EventDate "1998.02.13"]

1.e4 d6 2.Bc4 c6 3.Nc3 Nf6 4.Bb3 g6 5.d4 Bg7 6.Nf3 Bg4 7.h3 Bxf3 8.Qxf3 
Nbd7 9.O-O e5 10.Be3 O-O 11.Rad1 Qe7 12.Rfe1 Rfe8 13.a4 Rad8 14.a5 Qf8 15.
a6 exd4 16.Bxd4 b6 17.Qd3 Bh6 18.Qc4 Rc8 19.Bxf6 Nxf6 20.Qd4 Nd7 21.Qxd6 
Qxd6 22.Rxd6 Nc5 23.g3 Re7 24.e5 Bg7 25.f4 Nxa6 26.Ne4 h6 27.Red1 Rcc7 28.
Rxg6 Kh7 29.Rgd6 Nb8 30.c3 Nd7 31.Bc2 Kg8 32.Bb1 Nf8 33.Kg2 a5 34.Ba2 a4 
35.Kf3 a3 36.bxa3 Ra7 37.Rxc6 Rxa3 38.Bc4 Nd7 39.Rc8+ Nf8 40.Rdd8 h5 41.g4
hxg4+ 42.hxg4 Ra1 43.Nf6+ Bxf6 44.exf6 1-0

[Event "VI Torneo del Litorale A"]
[Site "Roma ITA"]
[Date "1998.02.21"]
[Round "5"]
[White "Scagliarini, Bruno"]
[Black "Farina, Saverio"]
[Result "0-1"]
[WhiteElo "1758"]
[BlackElo "2200"]
[PlyCount "42"]
[EventDate "1998.02.13"]

1.c4 e6 2.g3 d5 3.Bg2 c5 4.e3 Nc6 5.Ne2 Ne5 6.b3 Nd3+ 7.Kf1 Qf6 8.f4 Qxa1 
9.Ba3 Qf6 10.cxd5 exd5 11.Bxd5 Ne7 12.Bg2 Nc6 13.Nbc3 Bd6 14.Ne4 Qh6 15.h4
Bg4 16.Qb1 Ncb4 17.N2c3 O-O 18.h5 Be7 19.Nf2 Nxf2 20.Kxf2 Qa6 21.Bb2 Qd3 
0-1

[Event "VI Torneo del Litorale A"]
[Site "Roma ITA"]
[Date "1998.02.21"]
[Round "5"]
[White "Terreri, Amerigo"]
[Black "Dentale, Enrico"]
[Result "1-0"]
[WhiteElo "1561"]
[BlackElo "1552"]
[PlyCount "42"]
[EventDate "1998.02.13"]

1.e4 e5 2.Nc3 Nf6 3.f4 Bb4 4.fxe5 Bxc3 5.bxc3 Ng8 6.Nf3 Qe7 7.d4 d6 8.Bf4 
dxe5 9.Nxe5 f6 10.Qh5+ g6 11.Nxg6 Qxe4+ 12.Kd2 Qxg6 13.Re1+ Kf8 14.Qc5+ 
Kg7 15.Re7+ Nxe7 16.Qxe7+ Qf7 17.Bh6+ Kg6 18.Bd3+ Kxh6 19.Qxf7 Nd7 20.Rf1 
Rf8 21.Qxh7+ Kg5 1-0

[Event "VI Torneo del Litorale A"]
[Site "Roma ITA"]
[Date "1998.02.21"]
[Round "5"]
[White "Tommasini, Enzo"]
[Black "Tosoni, Augusto"]
[Result "0-1"]
[WhiteElo "2095"]
[BlackElo "1948"]
[PlyCount "118"]
[EventDate "1998.02.13"]

1.d4 d5 2.c4 e6 3.Nc3 Nf6 4.cxd5 exd5 5.Bg5 Be7 6.e3 c6 7.Qc2 Nbd7 8.Bd3 
O-O 9.Nge2 g6 10.f3 c5 11.dxc5 Nxc5 12.Rd1 Be6 13.Bh6 Re8 14.Bb5 Ncd7 15.
O-O a6 16.Ba4 b5 17.Bb3 Qc8 18.Nf4 Nb6 19.Qf2 Qc5 20.Rd4 Red8 21.Rfd1 Rd7 
22.h4 Bd6 23.Bg5 Be7 24.e4 Rad8 25.e5 Ne8 26.Bxe7 Qxe7 27.h5 g5 28.Nfe2 
Ng7 29.g4 h6 30.Ng3 Nc4 31.Qe2 Qc5 32.Kf2 Rc8 33.Bxc4 bxc4 34.Nf1 Rcd8 35.
Rd2 Ne8 36.Qd1 Nc7 37.Ne3 Nb5 38.Nxb5 axb5 39.a4 b4 40.b3 c3 41.R2d3 Qc7 
42.Rxb4 Qxe5 43.Rbd4 Rc8 44.Nc2 Rdc7 45.Re3 Qd6 46.Qe1 Qb6 47.Rb4 Qa6 48.
Rb5 d4 49.Nxd4 c2 50.Qc1 Qd6 51.Nxe6 fxe6 52.Rbe5 Rc3 53.Re1 Rd3 54.Rxg5+ 
hxg5 55.Qxg5+ Kf7 56.Qg6+ Ke7 57.Qg7+ Kd8 58.Qg5+ Kd7 59.Qb5+ Rc6 0-1

[Event "VI Torneo del Litorale A"]
[Site "Roma ITA"]
[Date "1998.02.22"]
[Round "6"]
[White "Arca', Luciano"]
[Black "Gergely, Imre"]
[Result "1-0"]
[WhiteElo "1600"]
[BlackElo "1564"]
[PlyCount "52"]
[EventDate "1998.02.13"]

1.e4 c5 2.b4 b6 3.Bb2 e6 4.bxc5 bxc5 5.Bc4 d6 6.Nf3 Nf6 7.O-O Be7 8.Re1 
Nbd7 9.Nc3 Nb6 10.Bf1 O-O 11.a4 Rb8 12.d4 cxd4 13.Nxd4 a6 14.Nc6 Qc7 15.
Nxb8 Qxb8 16.Ba3 Qc7 17.Qd4 Bb7 18.Red1 Rd8 19.Rab1 Nc8 20.Rb3 Nd7 21.Rdb1
Nc5 22.R3b2 Bf6 23.Qe3 Rd7 24.Bxc5 dxc5 25.Rxb7 Qxb7 26.Rxb7 Rxb7 1-0

[Event "VI Torneo del Litorale A"]
[Site "Roma ITA"]
[Date "1998.02.22"]
[Round "6"]
[White "Corinthios, Raimondo"]
[Black "Gradari, Marco"]
[Result "0-1"]
[WhiteElo "1468"]
[BlackElo "1549"]
[PlyCount "66"]
[EventDate "1998.02.13"]

1.e4 e6 2.d4 d5 3.Nc3 Nf6 4.e5 Nfd7 5.Nf3 c5 6.Bf4 Nc6 7.Bb5 Qb6 8.Bxc6 
bxc6 9.Na4 Qc7 10.O-O cxd4 11.Qxd4 c5 12.Qd1 Be7 13.Re1 O-O 14.b3 Nb6 15.
Nc3 Qc6 16.Qe2 f6 17.Bg3 f5 18.Bh4 Bxh4 19.Nxh4 d4 20.Qb5 Bb7 21.Qxc6 Bxc6
22.Ne2 g5 23.Nf3 Bxf3 24.gxf3 Nd5 25.Ng3 Nf4 26.Rad1 Kf7 27.Ne2 Ng6 28.Ng3
Rad8 29.Rd3 Rd5 30.c4 Rxe5 31.Kf1 Rxe1+ 32.Kxe1 Ne5 33.Rd2 Nxf3+ 0-1

[Event "VI Torneo del Litorale A"]
[Site "Roma ITA"]
[Date "1998.02.22"]
[Round "6"]
[White "De Vita, Igor"]
[Black "Corvi, Marco"]
[Result "1/2-1/2"]
[WhiteElo "2125"]
[BlackElo "2320"]
[PlyCount "67"]
[EventDate "1998.02.13"]

1.e4 c5 2.Nf3 e6 3.d4 cxd4 4.Nxd4 a6 5.c4 Nf6 6.Nc3 Qc7 7.Be2 Bb4 8.Nc2 
Be7 9.O-O d6 10.Be3 Nbd7 11.f4 b6 12.Bf3 Bb7 13.Rc1 O-O 14.Nd4 Rac8 15.g4 
e5 16.Nf5 Nc5 17.b4 Ncxe4 18.Nd5 Bxd5 19.cxd5 Nc3 20.Rxc3 Qxc3 21.Nxe7+ 
Kh8 22.Qc1 Qxc1 23.Rxc1 Rxc1+ 24.Bxc1 e4 25.Be2 Re8 26.g5 Rxe7 27.gxf6 Rc7
28.fxg7+ Kxg7 29.Bb2+ Kg6 30.Kf2 b5 31.Bd4 Rc2 32.Bb6 Kf5 33.Ke3 Rc3+ 34.
Kd2 1/2-1/2

[Event "VI Torneo del Litorale A"]
[Site "Roma ITA"]
[Date "1998.02.22"]
[Round "6"]
[White "Dentale, Enrico"]
[Black "Puliatti, Carlo"]
[Result "1/2-1/2"]
[WhiteElo "1552"]
[BlackElo "1797"]
[PlyCount "50"]
[EventDate "1998.02.13"]

1.Nf3 d5 2.c4 c6 3.e3 Nf6 4.Nc3 e6 5.d4 Nbd7 6.Bd3 dxc4 7.Bxc4 Be7 8.O-O 
O-O 9.e4 Nb6 10.Bb3 Bd7 11.h4 Rc8 12.e5 Nfd5 13.h5 h6 14.a3 Qe8 15.Ne4 f5 
16.Nd6 Bxd6 17.exd6 Qxh5 18.Ne5 Qxd1 19.Rxd1 Be8 20.Re1 Nd7 21.Be3 Rd8 22.
Bxd5 exd5 23.Nxd7 Rxd7 24.Bf4 g5 25.Be5 Bg6 1/2-1/2

[Event "VI Torneo del Litorale A"]
[Site "Roma ITA"]
[Date "1998.02.22"]
[Round "6"]
[White "Di Lascio, Savino"]
[Black "Spano' Cuomo, Gaetano"]
[Result "1/2-1/2"]
[WhiteElo "1864"]
[BlackElo "1866"]
[PlyCount "100"]
[EventDate "1998.02.13"]

1.Nf3 Nf6 2.g3 e6 3.Bg2 d5 4.O-O Be7 5.d3 c5 6.Nbd2 Bd7 7.e4 dxe4 8.dxe4 
Bc6 9.Ne5 Nfd7 10.Nxc6 Nxc6 11.c3 O-O 12.Qe2 Nde5 13.b3 Nd3 14.Ba3 Qa5 15.
Qxd3 Qxa3 16.Nc4 Qa6 17.e5 Rad8 18.Qc2 b5 19.Bxc6 Qxc6 20.Ne3 Qf3 21.Rad1 
h5 22.Rxd8 Rxd8 23.Rd1 Rxd1+ 24.Qxd1 Qxd1+ 25.Nxd1 Kh7 26.c4 bxc4 27.bxc4 
Kg6 28.Ne3 f6 29.exf6 Kxf6 30.f4 Bd8 31.Kg2 Ba5 32.Kf3 Bd2 33.h3 Bxe3 34.
Kxe3 e5 35.Ke4 exf4 36.gxf4 g5 37.fxg5+ Kxg5 38.Kd5 Kh4 39.Kxc5 Kxh3 40.
Kb5 Kg3 41.c5 h4 42.c6 h3 43.c7 h2 44.c8=Q h1=Q 45.Qc7+ Kg4 46.Qg7+ Kf5 
47.Qf7+ Ke5 48.Ka6 Qc6+ 49.Kxa7 Qc5+ 50.Ka8 Qd5+ 1/2-1/2

[Event "VI Torneo del Litorale A"]
[Site "Roma ITA"]
[Date "1998.02.22"]
[Round "6"]
[White "Esuperanzi, Gianbattista"]
[Black "Scagliarini, Bruno"]
[Result "1-0"]
[WhiteElo "1627"]
[BlackElo "1758"]
[PlyCount "27"]
[EventDate "1998.02.13"]

1.e4 e6 2.d4 d5 3.e5 c5 4.Nf3 Nc6 5.c3 Qb6 6.Bd3 cxd4 7.cxd4 Bb4+ 8.Nc3 
Bd7 9.O-O Nxd4 10.Nxd4 Qxd4 11.Nb5 Qxe5 12.Qg4 Bd6 13.Nxd6+ Qxd6 14.Qxg7 
1-0

[Event "VI Torneo del Litorale A"]
[Site "Roma ITA"]
[Date "1998.02.22"]
[Round "6"]
[White "Marinelli, Franco"]
[Black "Maddaloni, Giovanni"]
[Result "1-0"]
[WhiteElo "1453"]
[BlackElo "1586"]
[PlyCount "61"]
[EventDate "1998.02.13"]

1.d4 f5 2.g3 Nf6 3.Bg2 g6 4.Nd2 Bg7 5.c3 O-O 6.Nh3 d5 7.O-O c6 8.Nf3 Na6 
9.Nf4 Qe8 10.Ne5 e6 11.Nfd3 Nd7 12.Bf4 h6 13.Qd2 Kh7 14.Nxd7 Bxd7 15.Ne5 
Qe7 16.h4 c5 17.Nxd7 Qxd7 18.Be3 cxd4 19.Bxd4 e5 20.Be3 Rfd8 21.Rfd1 d4 
22.cxd4 exd4 23.Bf4 Nc5 24.Rac1 Ne4 25.Bxe4 fxe4 26.Rc7 Qd5 27.Bxh6 e3 28.
Bxe3 Qe5 29.Bf4 Qd5 30.Bh6 Rg8 31.Rxg7+ 1-0

[Event "VI Torneo del Litorale A"]
[Site "Roma ITA"]
[Date "1998.02.22"]
[Round "6"]
[White "Martelli, Andrea"]
[Black "Medori, Marco"]
[Result "1-0"]
[WhiteElo "1770"]
[BlackElo "1606"]
[PlyCount "59"]
[EventDate "1998.02.13"]

1.Nf3 Nf6 2.c4 d5 3.cxd5 Nxd5 4.Nc3 Nb6 5.d4 e6 6.e4 Be7 7.Be3 N8d7 8.Be2 
O-O 9.O-O c5 10.Qd2 cxd4 11.Bxd4 e5 12.Bxb6 axb6 13.Nd5 Ra4 14.Qc2 Ra8 15.
Rfd1 Bc5 16.Bb5 Re8 17.Rd2 Re6 18.Bxd7 Bxd7 19.Rad1 Rxa2 20.Nc3 Ra8 21.
Rxd7 Qc8 22.h3 Bd4 23.Nxd4 Qxd7 24.Nxe6 Qxe6 25.Qd2 g6 26.Qd5 Qe7 27.Qd6 
Qxd6 28.Rxd6 Ra1+ 29.Kh2 b5 30.Rb6 1-0

[Event "VI Torneo del Litorale A"]
[Site "Roma ITA"]
[Date "1998.02.22"]
[Round "6"]
[White "Pagano, Sergio M."]
[Black "Pezzaldi, Roberto"]
[Result "1-0"]
[WhiteElo "2200"]
[BlackElo "2095"]
[PlyCount "107"]
[EventDate "1998.02.13"]

1.d4 e6 2.c4 f5 3.g3 Nf6 4.Bg2 Be7 5.Nf3 O-O 6.O-O c6 7.b3 a5 8.Ba3 d5 9.
Bxe7 Qxe7 10.Nc3 Qb4 11.Qd3 Ne4 12.Na4 Qe7 13.Nb6 Ra6 14.c5 Nd7 15.Nxd7 
Bxd7 16.Ne5 Ng5 17.Rfb1 Nf7 18.Qe3 Nxe5 19.Qxe5 Rfa8 20.e3 Be8 21.Rb2 Qf6 
22.Qxf6 gxf6 23.Bf1 R6a7 24.b4 axb4 25.Rxb4 Bd7 26.a4 Bc8 27.Bd3 e5 28.Bc2
h6 29.Kf1 Kg7 30.Ke1 Be6 31.Rab1 Bc8 32.Kd2 e4 33.Kc3 Kf7 34.Bd1 Kg6 35.
Ra1 Ra5 36.Rb2 R5a7 37.Kb4 Ra5 38.Bb3 Kf7 39.f3 Kg6 40.Rf2 Bd7 41.fxe4 
fxe4 42.Raf1 f5 43.g4 R5a7 44.gxf5+ Kf6 45.Rg1 Be8 46.Rf4 Bf7 47.Bd1 Bh5 
48.Bc2 Bf7 49.Rfg4 Kxf5 50.Rf4+ Ke6 51.Rg7 Be8 52.Rf8 Bd7 53.Rff7 b6 54.
Re7+ 1-0

[Event "VI Torneo del Litorale A"]
[Site "Roma ITA"]
[Date "1998.02.22"]
[Round "6"]
[White "Petricevic, Pavo"]
[Black "Abuhamdieh, Arafat"]
[Result "1-0"]
[WhiteElo "1582"]
[BlackElo "1357"]
[PlyCount "41"]
[EventDate "1998.02.13"]

1.e4 e5 2.d4 exd4 3.c3 dxc3 4.Nxc3 Bb4 5.Bc4 Qf6 6.Bd2 Ne7 7.Nf3 O-O 8.O-O
Nbc6 9.a3 Ba5 10.b4 Bb6 11.Rc1 Ne5 12.Nxe5 Qxe5 13.Kh1 c6 14.f4 Qd4 15.Qe2
d5 16.Ba2 dxe4 17.Nxe4 Nf5 18.Rf3 Qb2 19.Bb1 Nd4 20.Qd3 Nxf3 21.Nf6+ 1-0

[Event "VI Torneo del Litorale A"]
[Site "Roma ITA"]
[Date "1998.02.22"]
[Round "6"]
[White "Simeoni, Matteo"]
[Black "Iacoacci, Giancarlo"]
[Result "0-1"]
[WhiteElo "2035"]
[BlackElo "1549"]
[PlyCount "84"]
[EventDate "1998.02.13"]

1.e4 c5 2.Nf3 d6 3.Bb5+ Bd7 4.Bxd7+ Nxd7 5.d4 cxd4 6.Qxd4 Ngf6 7.Nc3 e6 8.
Bg5 Be7 9.O-O-O a6 10.e5 dxe5 11.Nxe5 Nb6 12.Qe3 Qc7 13.Rhe1 Nfd5 14.Nxd5 
Nxd5 15.Rxd5 exd5 16.Bxe7 Qxe7 17.Ng6 Qxe3+ 18.Rxe3+ Kd7 19.Nxh8 Rxh8 20.
Kd2 Rc8 21.a4 Rc7 22.Kd3 Kd6 23.c3 Rc4 24.b3 Rg4 25.Rg3 Rxg3+ 26.hxg3 h5 
27.Kd4 g5 28.a5 f5 29.f3 f4 30.gxf4 gxf4 31.c4 dxc4 32.bxc4 Kc6 33.Ke4 b6 
34.Kxf4 bxa5 35.Ke3 a4 36.Kd3 a3 37.Kc3 a2 38.Kb2 Kc5 39.Kxa2 Kxc4 40.g4 
h4 41.g5 Kd5 42.f4 Ke6 0-1

[Event "VI Torneo del Litorale A"]
[Site "Roma ITA"]
[Date "1998.02.22"]
[Round "6"]
[White "Terreri, Amerigo"]
[Black "Occhipinti, Massimo"]
[Result "1-0"]
[WhiteElo "1561"]
[BlackElo "1704"]
[PlyCount "147"]
[EventDate "1998.02.13"]

1.e4 c5 2.Nf3 d6 3.d4 cxd4 4.Nxd4 Nf6 5.Nc3 a6 6.Be2 e5 7.Nb3 Be7 8.O-O 
Be6 9.Be3 Nbd7 10.Qd2 O-O 11.f4 Rc8 12.f5 Bc4 13.Bxc4 Rxc4 14.Qd3 Qc7 15.
Rad1 Rc8 16.Nd2 Rb4 17.Nb3 b5 18.g4 Nb6 19.g5 Ng4 20.Qe2 Nxe3 21.Qxe3 Qd8 
22.h4 Nc4 23.Qc1 Qb6+ 24.Kh2 Ne3 25.f6 Bf8 26.Rf3 Rxc3 27.bxc3 Rxe4 28.
fxg7 Bxg7 29.Rd3 Ng4+ 30.Kg3 h5 31.Qf1 Nh2 32.Kxh2 Rxh4+ 33.Rh3 Rg4 34.
Rdf3 e4 35.Rxf7 e3 36.Nd4 Be5+ 37.Kh1 Qd8 38.Rxh5 Qe8 39.Qf3 Rg3 40.Rg7+ 
Bxg7 41.Qxg3 Qxh5+ 42.Kg2 Be5 43.Qxe3 Qh2+ 44.Kf3 Qg3+ 45.Ke2 Qg2+ 46.Kd3 
Qd5 47.Qe4 Qc4+ 48.Kd2 a5 49.Qg6+ Kf8 50.Qh6+ Ke7 51.Qh7+ Kd8 52.Qe4 a4 
53.Qa8+ Ke7 54.Qb7+ Kf8 55.Qxb5 Bf4+ 56.Kd1 Qxa2 57.Qf5+ Qf7 58.Ne6+ Ke7 
59.Qxf4 Kxe6 60.Qe4+ Kd7 61.Qxa4+ Ke7 62.Qa7+ Kf8 63.Qxf7+ Kxf7 64.Kd2 Kg6
65.Kd3 Kxg5 66.Kd4 Kf6 67.Kd5 Ke7 68.c4 Kd7 69.c5 dxc5 70.Kxc5 Kc7 71.c3 
Kb7 72.Kd6 Kb6 73.c4 Kb7 74.c5 1-0

[Event "VI Torneo del Litorale A"]
[Site "Roma ITA"]
[Date "1998.02.22"]
[Round "6"]
[White "Tosoni, Augusto"]
[Black "Gardon, Ermanno"]
[Result "0-1"]
[WhiteElo "1948"]
[BlackElo "1818"]
[PlyCount "118"]
[EventDate "1998.02.13"]

1.e4 e6 2.d4 c5 3.Nf3 cxd4 4.Nxd4 Nf6 5.Bd3 Nc6 6.Nxc6 dxc6 7.O-O e5 8.Nc3
Be6 9.Qe2 Qc7 10.Bc4 Bxc4 11.Qxc4 Bd6 12.a4 O-O 13.g3 Qe7 14.Kg2 Rad8 15.
Be3 a5 16.Rfd1 Nd7 17.Rd3 Bc7 18.Rad1 Nb6 19.Qc5 Qxc5 20.Bxc5 Rxd3 21.Rxd3
Rd8 22.Rxd8+ Bxd8 23.b3 Nc8 24.Kf3 f6 25.Ke2 Kf7 26.Kd3 Bb6 27.Bxb6 Nxb6 
28.Nd1 Nd7 29.f3 Ke6 30.Ne3 g6 31.g4 b6 32.h3 Nc5+ 33.Kc3 Kd6 34.Nc4+ Kc7 
35.g5 b5 36.Nxa5 fxg5 37.axb5 cxb5 38.Kd2 Ne6 39.c4 b4 40.c5 Nxc5 41.Ke3 
Kd7 42.Ke2 Ne6 43.Kf2 Nd4 44.Ke3 Ke6 45.Kf2 Kf6 46.Kg3 h5 47.Kg2 g4 48.
fxg4 Kg5 49.gxh5 gxh5 50.Kf2 Kf4 51.Nb7 Nxb3 52.Nd6 Nc5 53.Ke2 Nxe4 54.Nc4
h4 55.Ne3 b3 56.Nc4 Ng5 57.Kd3 Nxh3 58.Nd2 Nf2+ 59.Kc3 Ne4+ 0-1

[Event "V Weekend Nervi A"]
[Site "Genova ITA"]
[Date "1998.02.??"]
[Round "?"]
[White "Cirabisi, Federico"]
[Black "Di Paolo, Raffaele"]
[Result "1-0"]
[WhiteElo "2080"]
[BlackElo "2280"]
[PlyCount "59"]
[EventDate "1998.02.07"]

1. e4 c5 2. f4 e6 3. Nf3 Nc6 4. Bb5 Nge7 5. b3 Qc7 6. O-O a6 7. Bxc6 Nxc6 8.
Bb2 b5 9. f5 Bb7 10. Ng5 e5 11. Qh5 d6 12. Nc3 Nd4 13. Nd5 Bxd5 14. exd5 Nxc2
15. Rac1 Nb4 16. d4 Nd3 17. dxc5 Nxb2 18. cxd6 Qa7+ 19. Kh1 Bxd6 20. Rc6 Qe7
21. Rxd6 Qxd6 22. Qxf7+ Kd8 23. Qb7 Qb8 24. Ne6+ Ke8 25. Qxg7 Qa7 26. Qxh8+ Kd7
27. Qxh7+ Kd6 28. Qxa7 Rxa7 29. f6 Kxd5 30. Ng5 1-0

[Event "VI Open Vallee d'Aoste A"]
[Site "Saint Vincent - Chatillon ITA"]
[Date "1998.02.07"]
[Round "1"]
[White "Astengo, Corrado"]
[Black "Djuric, Stefan"]
[Result "0-1"]
[WhiteElo "2180"]
[BlackElo "2520"]
[PlyCount "68"]
[EventDate "1998.02.07"]

1. e4 d6 2. d4 Nf6 3. Nc3 g6 4. g3 Bg7 5. Bg2 O-O 6. Nge2 Na6 7. O-O c5 8. h3
cxd4 9. Nxd4 Bd7 10. Be3 Nc5 11. Qd2 Rc8 12. Rad1 b5 13. a3 a5 14. e5 b4 15.
axb4 axb4 16. exf6 bxc3 17. fxe7 Qxe7 18. Qxc3 Bb5 19. Qa5 Bxf1 20. Kxf1 Ne4
21. Qa3 Rfe8 22. Bxe4 Qxe4 23. Kg1 Be5 24. Kh2 h5 25. Qd3 Qxd3 26. cxd3 h4 27.
Kg2 hxg3 28. fxg3 Bxg3 29. Kf3 d5 30. Rg1 Bd6 31. h4 Bc5 32. Rg4 Kh7 33. Bg5 f6
34. Be3 f5 0-1

[Event "VI Open Vallee d'Aoste A"]
[Site "Saint Vincent - Chatillon ITA"]
[Date "1998.02.07"]
[Round "1"]
[White "Borgo, Giulio"]
[Black "Rupel, David G."]
[Result "1/2-1/2"]
[WhiteElo "2430"]
[BlackElo "2105"]
[PlyCount "132"]
[EventDate "1998.02.07"]

1. e4 c5 2. Nf3 g6 3. d4 cxd4 4. Nxd4 Nf6 5. f3 Nc6 6. c4 d6 7. Be3 Bg7 8. Nc3
O-O 9. Qd2 Nxd4 10. Bxd4 Be6 11. Rc1 a6 12. Be2 Qb8 13. b3 Nd7 14. Be3 Rc8 15.
O-O b6 16. f4 f6 17. h4 Ra7 18. h5 gxh5 19. Bxh5 Kh8 20. Nd5 Bxd5 21. Qxd5 Nf8
22. Bg4 Re8 23. Rcd1 Qb7 24. Qh5 Raa8 25. Bf3 Qc7 26. Rd3 e5 27. Rd5 Ne6 28. g3
Rab8 29. Bg4 exf4 30. gxf4 Nf8 31. Bf5 Re7 32. Kf2 b5 33. c5 dxc5 34. Rxc5 Qa5
35. Rc2 Rc7 36. Rxc7 Qxc7 37. Kf3 h6 38. Rc1 Qd8 39. Qg4 Qe8 40. Rg1 Qf7 41.
Rd1 a5 42. Rd5 Qc7 43. Qg1 Qc2 44. Rd2 Qc3 45. Qb1 Qc7 46. Qc2 Qf7 47. Rd5 a4
48. b4 Qh5+ 49. Kg3 Ng6 50. Qh2 Qxh2+ 51. Kxh2 Ne7 52. Rc5 Nxf5 53. Rxf5 Kh7
54. Kg3 Kg6 55. Kf3 Rb7 56. Rd5 Bf8 57. Bc5 Bxc5 58. Rxc5 h5 59. Rc6 Kf7 60.
Rc5 Kg6 61. e5 fxe5 62. Rxe5 Rc7 63. Rxb5 Rc2 64. Rg5+ Kf6 65. Rxh5 Rxa2 66.
Ke3 Rb2 1/2-1/2

[Event "VI Open Vallee d'Aoste A"]
[Site "Saint Vincent - Chatillon ITA"]
[Date "1998.02.07"]
[Round "1"]
[White "Caposciutti, Maurizio"]
[Black "Luisetto, Alessandro"]
[Result "1-0"]
[WhiteElo "2310"]
[BlackElo "1789"]
[PlyCount "45"]
[EventDate "1998.02.07"]

1. e4 g6 2. d4 Bg7 3. Nc3 c6 4. Bc4 d6 5. Nf3 Nf6 6. Bb3 O-O 7. O-O Nbd7 8. e5
dxe5 9. dxe5 Nd5 10. Bxd5 cxd5 11. Qxd5 Nb6 12. Qe4 Qc7 13. Qh4 Bf5 14. Bh6
Rfd8 15. Rfe1 e6 16. Bxg7 Kxg7 17. g4 Bxc2 18. Rac1 Bd3 19. Ne4 Qd7 20. Nf6 Qa4
21. Qxh7+ Kf8 22. Ng5 Rd7 23. Qg8+ 1-0

[Event "VI Open Vallee d'Aoste A"]
[Site "Saint Vincent - Chatillon ITA"]
[Date "1998.02.07"]
[Round "1"]
[White "Cebalo, Miso"]
[Black "De Kleuver, Esther"]
[Result "1-0"]
[WhiteElo "2515"]
[BlackElo "2180"]
[PlyCount "61"]
[EventDate "1998.02.07"]

1. Nf3 d5 2. c4 e6 3. d4 c6 4. Nc3 dxc4 5. e3 b5 6. a4 Bb4 7. Bd2 a5 8. axb5
Bxc3 9. Bxc3 cxb5 10. b3 Bb7 11. bxc4 b4 12. Bb2 Nf6 13. Bd3 Nbd7 14. O-O O-O
15. Re1 Re8 16. c5 Qc7 17. e4 h6 18. Nd2 e5 19. Nc4 exd4 20. Nd6 Re6 21. Bxd4
Ne5 22. Bc2 Nc6 23. Bb2 Rd8 24. Bb3 Re7 25. Bxf6 gxf6 26. Qg4+ Kh7 27. Qf5+ Kg7
28. Re3 Ne5 29. Rg3+ Ng6 30. Bxf7 Rxf7 31. Qxg6+ 1-0

[Event "VI Open Vallee d'Aoste A"]
[Site "Saint Vincent - Chatillon ITA"]
[Date "1998.02.07"]
[Round "1"]
[White "Ciuffoletti, Paolo"]
[Black "Sedina, Elena"]
[Result "0-1"]
[WhiteElo "2054"]
[BlackElo "2380"]
[PlyCount "70"]
[EventDate "1998.02.07"]

1. e4 Nf6 2. e5 Nd5 3. c4 Nb6 4. d4 d6 5. f4 dxe5 6. fxe5 c5 7. d5 g6 8. Bf4
Bg7 9. Nc3 O-O 10. Bd3 e6 11. d6 Nc6 12. Nf3 Nd7 13. Qe2 Nd4 14. Nxd4 cxd4 15.
Nb5 Qa5+ 16. Bd2 Qb6 17. b4 Nxe5 18. c5 Nxd3+ 19. Qxd3 Qc6 20. O-O e5 21. Nc7
Rb8 22. Qb3 e4 23. Nd5 Kh8 24. b5 Qe8 25. Nc7 Qe5 26. Rxf7 Rxf7 27. Qxf7 Bf5
28. Bg5 d3 29. Rf1 Qxc5+ 30. Kh1 Qxd6 31. g4 d2 32. Bxd2 Qd3 33. Rg1 Qf3+ 34.
Rg2 Bxg4 35. Qc4 Qd1+ 0-1

[Event "VI Open Vallee d'Aoste A"]
[Site "Saint Vincent - Chatillon ITA"]
[Date "1998.02.07"]
[Round "1"]
[White "Efimov, Igor"]
[Black "Guerrieri, Lorenzo"]
[Result "1-0"]
[WhiteElo "2525"]
[BlackElo "2185"]
[PlyCount "49"]
[EventDate "1998.02.07"]

1. d4 e6 2. Nf3 f5 3. g3 Nf6 4. Bg2 Be7 5. O-O O-O 6. c4 d6 7. b4 Qe8 8. Nc3
Qh5 9. e3 Nc6 10. b5 Nd8 11. a4 a5 12. Ba3 b6 13. Ne5 Qxd1 14. Rfxd1 Rb8 15.
Nc6 Nxc6 16. bxc6 Ba6 17. Bf1 Kf7 18. Rab1 g5 19. d5 exd5 20. cxd5 Bxf1 21.
Kxf1 Kg6 22. Nb5 Rbc8 23. Kg2 Rfe8 24. h3 Bf8 25. Rd4 $139 1-0

[Event "VI Open Vallee d'Aoste A"]
[Site "Saint Vincent - Chatillon ITA"]
[Date "1998.02.07"]
[Round "1"]
[White "Faccia, Sergio"]
[Black "Van der Werf, Mark"]
[Result "0-1"]
[WhiteElo "2065"]
[BlackElo "2420"]
[PlyCount "79"]
[EventDate "1998.02.07"]

1. e4 c5 2. b4 cxb4 3. Bb2 d5 4. exd5 Qxd5 5. c4 Qd8 6. d4 Nf6 7. Be2 e6 8. Nf3
Be7 9. O-O Nc6 10. a3 O-O 11. axb4 Bxb4 12. Nc3 b6 13. Qa4 Bd7 14. Qb3 Bd6 15.
Rfd1 Na5 16. Qa2 Bc6 17. d5 exd5 18. cxd5 Bb7 19. Nb5 Bc5 20. Bxf6 Qxf6 21. d6
Rad8 22. d7 Bc6 23. Nxa7 Bxd7 24. Rac1 Be6 25. Qb1 Nb3 26. Rxd8 Rxd8 27. Rd1
Nd4 28. Nxd4 Bxd4 29. Bf3 Bc5 30. Nc6 Rxd1+ 31. Qxd1 h5 32. h3 h4 33. Qa4 Bxh3
34. Nd8 Qxd8 35. gxh3 g6 36. Qc6 Qg5+ 37. Kf1 Qd2 38. Qe8+ Kg7 39. Qe1 Qd4 40.
Kg2 $138 0-1